000 00612nam a2200181Ia 4500
001 16476
005 20260306170312.0
008 260306t2020||||xx |||||||||||||| ||und||
041 _aESP
082 _a348.6
_bL25
100 _aLara Arnao, Ruth Jaqueline
_eAUT
245 0 _aRenuncia y despido laboral:
_bprocedimientos, cálculos de beneficios y casos prácticos; Cómo se calculan las gratificaciones, CTS y utilidades: tratamiento laboral, tributario contable y casos prácticos
260 _c2020
300 _a64, 64 páginas :
_c24 cm.
650 _aGEN
654 _aCDE
942 _cLIB
_dJUS
_fJUS
_2ddc
_n
999 _c16476
_d16476